000 00902cab a2200193 4500
001 ##L135132
008 060926n2006 000 0 eng u
035 _a(Sirsi) u135132
041 0 _aeng
245 0 0 _aEG retail
260 _c2006
490 0 _aEstates Gazette
_vSupplement (0638) 23 September 2006 (66) (LOAN)
520 _aA supplement which examines various aspects of the retail market internationally. Includes discussion on German retailers' failure to capitalise on the World Cup; UK retailers' expansion into Europe; the arrival of US company Whole Foods Market in the UK; retail investment in Europe; Grosvenor Group's search for opportunities in the retail sector; and potential take-overs among retail agents.
590 _aIKA031006
651 4 _aInternational
690 _aPROPERTY-COMMERCIAL PROPERTY-RETAIL PROPERTY
700 1 _aKivlehan, Noella Pio
_eEditor
942 _n0
999 _c77797
_d77797